| 000 | 00712nam a2200253 i 4500 | ||
|---|---|---|---|
| 001 | bg | ||
| 100 | 1 | _aMikuła, Joanna. | |
| 245 | 0 |
_aGdy picie staje się problemem / _cJoanna Mikuła. |
|
| 260 |
_aWarszawa : _bWydawnictwo Edukacyjne Państwowej Agencji Rozwiązywania Problemów Alkoholowych, _c2006. |
||
| 300 |
_a31 s. ; _c17 cm. |
||
| 490 | 1 | _aProblemy Alkoholowe w Rodzinie | |
| 650 | 9 | _aAlkoholizm | |
| 655 | _aWydawnictwa popularne | ||
| 830 | _aProblemy Alkoholowe w Rodzinie | ||
| 020 | _a8389566184 | ||
| 040 | _cBPK | ||
| 041 | 0 | _apol | |
| 044 | _aPOL | ||
| 080 | _a613.81 | ||
| 920 | _a83-89566-18-4 | ||
| 942 | _cKS | ||
| 008 | s pl f |000 0 pol | ||
| 999 |
_c50833 _d50833 |
||
| 856 |
_uhttp://koha.tu.koszalin.pl/cgi-bin/koha/opac-detail.pl?biblionumber=50833 _yKatalog online BPK |
||